00765cam a2200241 4500001001300000003000400013005001700017008004100034010001700075040003600092070002400128100002700152245006300179260004900242300003400291410006200325500001900387504002400406650003800430650002000468650001800488999001700506agr68000141 DLC20260227111029.0691104s1968 dcua b 000 0 eng c aagr68000141  aU.S. Nat'l Agr. Libr.cDLCdDLC0 aA423.9 F764 no. 1101 aOhman, John H.,d1931-10aDecay and discoloration of sugar maple,cby John H. Ohman. a[Washington,bU.S. Govt. Print. Off.]c1968. afolder (8 p.)billus.c24 cm.10aUnited States.bForest Service.tForest pest leafletv110 aCaption title. aBibliography: p. 6. 0aSugar maplexWounds and injuries. 3aAcer saccharum. 3aTreesxDecay. c12448d12448